Ultimate wrap bracelets : make 12 easy, stylish bracelets step-by-step / (Record no. 47225)
| 000 -LEADER | |
|---|---|
| fixed length control field | 00437nam a2200121 4500 |
| 020 ## - INTERNATIONAL STANDARD BOOK NUMBER | |
| International Standard Book Number | 978-0804846172 |
| 100 ## - MAIN ENTRY--PERSONAL NAME | |
| Personal name | Valsecchi, Patrizia, |
| Relator term | author. |
| 9 (RLIN) | 85256 |
| 245 ## - TITLE STATEMENT | |
| Title | Ultimate wrap bracelets : make 12 easy, stylish bracelets step-by-step / |
| Statement of responsibility, etc | Author : Patrizia Valsecchi , Photographer : Antonio Attin. |
| 260 ## - PUBLICATION, DISTRIBUTION, ETC. (IMPRINT) | |
| Name of publisher, distributor, etc | Tuttle Publishing; |
| Date of publication, distribution, etc | 2016. |
| 300 ## - PHYSICAL DESCRIPTION | |
| Dimensions | 6.5 x 1.5 x 8.5 inches. |
| 650 ## - SUBJECT ADDED ENTRY--TOPICAL TERM | |
| 9 (RLIN) | 50984 |
| Topical term or geographic name as entry element | art and crafts |
| 942 ## - ADDED ENTRY ELEMENTS (KOHA) | |
| Source of classification or shelving scheme | |
| Koha item type | Book |
| Withdrawn status | Lost status | Source of classification or shelving scheme | Damaged status | Not for loan | Home library | Current library | Date acquired | Total Checkouts | Full call number | Barcode | Date last seen | Price effective from | Koha item type |
|---|---|---|---|---|---|---|---|---|---|---|---|---|---|
| Logos International School | Logos International School | 08/20/2024 | J 745.594 VAL | 042529 | 08/20/2024 | 08/20/2024 | Book |